Dbase 5 for windows programming for Dummies (Record no. 821588)

MARC details
000 -LEADER
fixed length control field 00335pam a2200133 a 4500
020 ## - INTERNATIONAL STANDARD BOOK NUMBER
Terms of availability
041 ## - LANGUAGE CODE
Language code of original
082 ## - DEWEY DECIMAL CLASSIFICATION NUMBER
Classification number 4.5
100 ## - MAIN ENTRY--PERSONAL NAME
Personal name COOMBS (Test) / COOMBS (Tanson)
Relator term author
245 ## - TITLE STATEMENT
Title Dbase 5 for windows programming for Dummies
Medium Textual Document
260 ## - PUBLICATION, DISTRIBUTION, ETC.
Name of publisher, distributor, etc. Moscow Progress Pub. B
Date of publication, distribution, etc. 1994
300 ## - PHYSICAL DESCRIPTION
Extent xx, 383
930 ## - EQUIVALENCE OR CROSS-REFERENCE-UNIFORM TITLE HEADING [LOCAL, CANADA]
Uniform title 2374
Holdings
Withdrawn status Lost status Damaged status Not for loan Collection Home library Current library Date acquired Cost, normal purchase price Total Checkouts Full call number Barcode Date last seen Copy number Price effective from Koha item type
          Institute of Management & Research, New Delhi Institute of Management & Research, New Delhi 29/01/1996 135.00   4.5 IMD-26PB0001204 17/08/2023 1 17/08/2023 Book